000 00789nam a22002177a 4500
003 DO-CoUTE
005 20230603081838.0
008 230602b dr ||||| |||| 00| 0 spa d
040 _aDO-CoUTE
_bspa
_cDO-CoUTE
082 _222
_aRD 391.5 M981p 2012
100 1 _aMurray, Gerald F.
_eautor
245 1 0 _aPelo bueno, pelo malo :
_bEstudio antropológico de los salones de belleza en Republica Dominicana /
_cGerald F. Murray, Marina Ortiz
250 _aPrimera edición
260 _aSanto Domingo :
_bFondoMicro,
_c2012
300 _axxiv, 451 páginas ;
_c23x16cm
504 _aIncluye referencia bibliográfica e índice
650 4 _aSalones de belleza - República Dominicana
650 4 _aPeinado -- República Dominicana
700 1 _aOrtiz, Marina
942 _2ddc
_cBK
999 _c22669
_d22669